[Event "Hessenliga 1011"]
[Site "Germany"]
[Date "2011.04.03"]
[Round "8.2"]
[White "Drollinger, Dennis"]
[Black "Roeschlau, Bernd"]
[Result "1-0"]
[WhiteElo "2271"]
[BlackElo "2226"]
[PlyCount "81"]
[EventDate "2010.09.26"]
[EventType "team-tourn"]
[EventRounds "9"]
[EventCountry "GER"]
[SourceTitle "EXT 2012"]
[Source "ChessBase"]
[SourceDate "2011.11.24"]
[SourceVersion "1"]
[SourceVersionDate "2011.11.24"]
[SourceQuality "1"]
[WhiteTeam "Hofheim II"]
[BlackTeam "Frankfurt BvK II"]
[WhiteTeamCountry "GER"]
[BlackTeamCountry "GER"]

1. e4 e5 2. Nf3 Nc6 3. Bb5 a6 4. Bxc6 bxc6 5. 0-0 d6 6. d4 exd4 7. Qxd4 f6 8. Re1 Qd7 9. Nc3 Bb7 10. Be3 Ne7 11. b4 Ng6 12. Rad1 Be7 13. Nd2 0-0 14. Nc4 Rab8 15. Na5 Ba8 16. a3 Kh8 17. Qd3 Nh4 18. Ba7 Rbe8 19. f3 Bd8 20. Qxa6 Re5 21. Bf2 f5 22. Qxa8 Nxg2 23. Kxg2 f4 24. Qxc6 Rg5+ 25. Kf1 Qh3+ 26. Ke2 Rg2 27. Rf1 Bh4 28. Rd3 Bxf2 29. Rxf2 Rxf2+ 30. Kxf2 Qxh2+ 31. Ke1 h5 32. Ne2 Rf6 33. Nb3 Rg6 34. Kd2 Rg2 35. Nbc1 h4 36. Rd5 g6 37. Qxc7 Qg1 38. Qd8+ Kg7 39. Qxd6 Qe3+ 40. Kd1 Kg8 41. Qe6+ 1-0

[Event "BL2-West 0809"]
[Site "Germany"]
[Date "2008.12.14"]
[Round "4.8"]
[White "Drollinger, Dennis"]
[Black "Gupta, Milon"]
[Result "0-1"]
[WhiteElo "2295"]
[BlackElo "2305"]
[PlyCount "78"]
[EventDate "2008.10.05"]
[EventType "team-tourn"]
[EventRounds "9"]
[EventCountry "GER"]
[SourceTitle "CBM 129 Extra"]
[Source "ChessBase"]
[SourceDate "2009.05.05"]
[SourceVersion "2"]
[SourceVersionDate "2009.05.20"]
[SourceQuality "1"]
[WhiteTeam "Hofheim"]
[BlackTeam "Solingen II"]
[WhiteTeamCountry "GER"]
[BlackTeamCountry "GER"]

1. e4 d5 2. exd5 Qxd5 3. Nc3 Qa5 4. d4 c6 5. Nf3 Nf6 6. Bc4 Bf5 7. Bd2 e6 8. Nd5 Qd8 9. Nxf6+ gxf6 10. Bb3 Qc7 11. Nh4 Bg6 12. Qf3 Nd7 13. 0-0-0 0-0-0 14. Nxg6 hxg6 15. h4 Bh6 16. h5 Bxd2+ 17. Rxd2 gxh5 18. Rxh5 f5 19. Rh3 Nf6 20. Rd1 Ne4 21. Rxh8 Rxh8 22. Qe3 Rh2 23. Rg1 Nf6 24. Qg5 Qd8 25. c3 Ne4 26. Qe3 Qh4 27. g3 Qh6 28. f4 Rf2 29. d5 Qh2 30. Rd1 exd5 31. Qxa7 Qxg3 32. Qa8+ Kc7 33. Qa5+ Kd7 34. Bxd5 Qxf4+ 35. Kb1 Rd2 36. Bb3 Rxd1+ 37. Bxd1 Qf1 38. Kc1 Qf4+ 39. Kb1 Nd2+ 0-1

[Event "Oberliga Ost-B 0708"]
[Site "Germany"]
[Date "2007.11.25"]
[Round "4.2"]
[White "Nagel, Bernhard"]
[Black "Drollinger, Dennis"]
[Result "1-0"]
[WhiteElo "2252"]
[BlackElo "2333"]
[PlyCount "43"]
[EventDate "2007.10.07"]
[EventType "team-tourn"]
[EventRounds "11"]
[EventCountry "GER"]
[SourceTitle "EXT 2009"]
[Source "ChessBase"]
[SourceDate "2008.11.26"]
[SourceVersion "1"]
[SourceVersionDate "2008.11.26"]
[SourceQuality "1"]
[WhiteTeam "Wiesbaden"]
[BlackTeam "Hofheim II"]
[WhiteTeamCountry "GER"]
[BlackTeamCountry "GER"]

1. d4 Nf6 2. c4 c5 3. d5 e6 4. Nc3 exd5 5. cxd5 d6 6. Nf3 g6 7. Bf4 Bg7 8. Qa4+ Bd7 9. Qb3 Qc7 10. e4 0-0 11. Be2 Nh5 12. Be3 Na6 13. Nd2 Rab8 14. a4 Nb4 15. 0-0 f5 16. exf5 Bxf5 17. Nb5 Qd7 18. Rac1 a6 19. Nxd6 Nf4 20. Bxf4 Bd3 21. Bxd3 Rxf4 22. N6e4 1-0

[Event "BL2-West 0607"]
[Site "Germany"]
[Date "2007.04.22"]
[Round "9.6"]
[White "Schunk, Thomas1111"]
[Black "Drollinger, Dennis"]
[Result "0-1"]
[WhiteElo "2244"]
[BlackElo "2307"]
[PlyCount "54"]
[EventDate "2006.10.15"]
[EventType "team-tourn"]
[EventRounds "9"]
[EventCountry "GER"]
[SourceTitle "EXT 2008"]
[Source "ChessBase"]
[SourceDate "2007.11.25"]
[SourceVersion "1"]
[SourceVersionDate "2007.11.25"]
[SourceQuality "1"]
[WhiteTeam "Dortmund Hansa"]
[BlackTeam "Hofheim"]
[WhiteTeamCountry "GER"]
[BlackTeamCountry "GER"]

1. e4 c5 2. Nf3 e6 3. b3 b6 4. Bb2 Bb7 5. Bd3 Nc6 6. a3 a6 7. 0-0 Nge7 8. Qe2 Ng6 9. g3 Qc7 10. e5 d6 11. exd6 Bxd6 12. Bxg6 hxg6 13. Bxg7 Rh5 14. Nc3 0-0-0 15. Ne4 Be7 16. Rad1 e5 17. c3 Qd7 18. Nf6 Bxf6 19. Bxf6 Re8 20. h4 Rf5 21. d4 exd4 22. Qd3 Rxf6 23. cxd4 Rxf3 24. Qxf3 Nxd4 25. Qd3 Qh3 26. f3 Qxg3+ 27. Kh1 Re2 0-1

[Event "Oberliga Ost-B 0607"]
[Site "Germany"]
[Date "2007.02.04"]
[Round "5.2"]
[White "Drollinger, Dennis"]
[Black "Malek, Daniel"]
[Result "1/2-1/2"]
[WhiteElo "2288"]
[BlackElo "2299"]
[PlyCount "93"]
[EventDate "2006.10.15"]
[EventType "team-tourn"]
[EventRounds "11"]
[EventCountry "GER"]
[SourceTitle "EXT 2008"]
[Source "ChessBase"]
[SourceDate "2007.11.25"]
[SourceVersion "1"]
[SourceVersionDate "2007.11.25"]
[SourceQuality "1"]
[WhiteTeam "Hofheim II"]
[BlackTeam "Oberursel"]
[WhiteTeamCountry "GER"]
[BlackTeamCountry "GER"]

1. e4 c6 2. d4 d5 3. Nd2 dxe4 4. Nxe4 Bf5 5. Nc5 b6 6. Nb3 e6 7. Nf3 Nf6 8. g3 Nbd7 9. Bg2 Rc8 10. 0-0 Be7 11. Re1 0-0 12. h3 a5 13. Nh4 Bg6 14. Nxg6 hxg6 15. c4 a4 16. Nd2 b5 17. b3 Nb6 18. Nf3 Bb4 19. Rf1 bxc4 20. bxc4 c5 21. Rb1 Nxc4 22. Qxa4 Nd5 23. dxc5 Bxc5 24. Qa6 Nc3 25. Rb3 Ne2+ 26. Kh2 Bxf2 27. Rxf2 Nxc1 28. Rc3 Qb6 29. Qxb6 Nxb6 30. Rxc8 Rxc8 31. Ne5 Rc7 32. h4 Nd5 33. Rd2 Rc5 34. Rb2 Ne7 35. Rb8+ Rc8 36. Rb7 Kf8 37. Nd7+ Ke8 38. Nb6 Rd8 39. a4 Nb3 40. Bf1 Nc5 41. Bb5+ Kf8 42. Rc7 Nb3 43. Nd7+ Kg8 44. Ne5 Kf8 45. Nd7+ Kg8 46. Ne5 Kf8 47. Nd7+ 1/2-1/2

[Event "Hessenliga 0506"]
[Site "Germany"]
[Date "2006.02.12"]
[Round "8.3"]
[White "Drollinger, Dennis"]
[Black "Flach, Erich"]
[Result "1/2-1/2"]
[WhiteElo "2267"]
[BlackElo "2163"]
[PlyCount "51"]
[EventDate "2005.09.11"]
[EventType "team"]
[EventRounds "11"]
[EventCountry "GER"]
[SourceTitle "EXT 2007"]
[Source "ChessBase"]
[SourceDate "2006.11.23"]
[SourceVersion "1"]
[SourceVersionDate "2006.11.23"]
[SourceQuality "1"]
[WhiteTeam "Hofheim II"]
[BlackTeam "Bensheim"]
[WhiteTeamCountry "GER"]
[BlackTeamCountry "GER"]

1. e4 c5 2. Nf3 d6 3. Bb5+ Bd7 4. Bxd7+ Qxd7 5. 0-0 Nc6 6. c3 g6 7. d4 cxd4 8. cxd4 Bg7 9. Nc3 Nf6 10. d5 Ne5 11. Nxe5 dxe5 12. Be3 0-0 13. Rc1 Rfc8 14. Qb3 Ne8 15. Ne2 Nd6 16. f3 b5 17. Rxc8+ Rxc8 18. Rc1 Nc4 19. Qd3 e6 20. b3 Nxe3 21. Rxc8+ Qxc8 22. Qxe3 exd5 23. exd5 Qc2 24. d6 a6 25. Nc3 Bf8 26. d7 1/2-1/2

[Event "BL2-West 0506"]
[Site "Germany"]
[Date "2006.01.15"]
[Round "5.8"]
[White "Schulz, Klaus Juergen"]
[Black "Drollinger, Dennis"]
[Result "1/2-1/2"]
[WhiteElo "2397"]
[BlackElo "2267"]
[PlyCount "107"]
[EventDate "2005.10.23"]
[EventType "team-tourn"]
[EventRounds "9"]
[EventCountry "GER"]
[SourceTitle "EXT 2007"]
[Source "ChessBase"]
[SourceDate "2006.11.23"]
[SourceVersion "1"]
[SourceVersionDate "2006.11.23"]
[SourceQuality "1"]
[WhiteTeam "Remagen"]
[BlackTeam "Hofheim"]
[WhiteTeamCountry "GER"]
[BlackTeamCountry "GER"]

1. Nf3 c5 2. e4 e6 3. c3 Nf6 4. e5 Nd5 5. d4 cxd4 6. Qxd4 Nc6 7. Qe4 f5 8. exf6 Nxf6 9. Qh4 d5 10. Bd3 Bd6 11. Ng5 e5 12. Bg6+ Ke7 13. Nxh7 Kd7 14. Nxf6+ gxf6 15. Qg3 Rg8 16. h4 e4 17. Bf5+ Kc7 18. Qh3 Ne5 19. Be3 Bxf5 20. Qxf5 Rxg2 21. Nd2 Qd7 22. Qxd7+ Kxd7 23. Kf1 Rag8 24. Rd1 Nd3 25. Nb3 b6 26. h5 Be5 27. h6 R2g6 28. Nc1 Nxb2 29. Rxd5+ Ke6 30. Rb5 Nc4 31. Bd4 Bf4 32. Nb3 Rxh6 33. Rxh6 Bxh6 34. Rh5 Nd2+ 35. Ke2 Nxb3 36. axb3 Bg5 37. b4 Rg7 38. f3 Kf5 39. Rh1 Re7 40. Rf1 exf3+ 41. Kxf3 Ke6 42. Ke4 Kd6+ 43. Kd3 Rf7 44. c4 f5 45. c5+ Kc6 46. b5+ Kxb5 47. cxb6 axb6 48. Rb1+ Kc6 49. Rxb6+ Kd7 50. Rb7+ Ke6 51. Rxf7 Kxf7 52. Ke2 Ke6 53. Kf3 Kd5 54. Ba7 1/2-1/2

[Event "Hessenliga 0506"]
[Site "Germany"]
[Date "2005.12.18"]
[Round "6.3"]
[White "Drollinger, Dennis"]
[Black "Erwes, Theo"]
[Result "1-0"]
[WhiteElo "2267"]
[BlackElo "2103"]
[PlyCount "51"]
[EventDate "2005.09.11"]
[EventType "team"]
[EventRounds "11"]
[EventCountry "GER"]
[SourceTitle "EXT 2007"]
[Source "ChessBase"]
[SourceDate "2006.11.23"]
[SourceVersion "1"]
[SourceVersionDate "2006.11.23"]
[SourceQuality "1"]
[WhiteTeam "Hofheim II"]
[BlackTeam "Limburg"]
[WhiteTeamCountry "GER"]
[BlackTeamCountry "GER"]

1. e4 g6 2. d4 Bg7 3. Nc3 d6 4. f4 a6 5. Be3 e6 6. Be2 b6 7. Bf3 Bb7 8. Qe2 Ne7 9. 0-0-0 d5 10. e5 Nd7 11. g4 c5 12. Qf2 c4 13. Rf1 b5 14. f5 gxf5 15. gxf5 Nxf5 16. Bg4 0-0 17. Bxf5 exf5 18. Nh3 Qb6 19. Rhg1 Kh8 20. Qxf5 Qe6 21. Qh5 f6 22. Nf4 Qe8 23. e6 Ne5 24. Rxg7 Kxg7 25. dxe5 Kh8 26. exf6 1-0

[Event "Hessenliga 0506"]
[Site "Germany"]
[Date "2005.12.04"]
[Round "5.5"]
[White "Kersting, Martin"]
[Black "Drollinger, Dennis"]
[Result "1/2-1/2"]
[WhiteElo "2226"]
[BlackElo "2267"]
[PlyCount "59"]
[EventDate "2005.09.11"]
[EventType "team"]
[EventRounds "11"]
[EventCountry "GER"]
[SourceTitle "EXT 2007"]
[Source "ChessBase"]
[SourceDate "2006.11.23"]
[SourceVersion "1"]
[SourceVersionDate "2006.11.23"]
[SourceQuality "1"]
[WhiteTeam "Fulda"]
[BlackTeam "Hofheim II"]
[WhiteTeamCountry "GER"]
[BlackTeamCountry "GER"]

1. d4 Nf6 2. Nc3 d5 3. Bg5 Bf5 4. f3 Nbd7 5. e3 c6 6. Bd3 Bxd3 7. Qxd3 e5 8. Nge2 Be7 9. 0-0 0-0 10. Kh1 Re8 11. Bh4 exd4 12. exd4 Nf8 13. Nf4 Qc7 14. Bg3 Bd6 15. Qd2 Re7 16. Rfe1 Rae8 17. Rxe7 Rxe7 18. Nce2 Bxf4 19. Nxf4 Qd8 20. c3 N6d7 21. Re1 Qe8 22. Kg1 Rxe1+ 23. Qxe1 Qxe1+ 24. Bxe1 f6 25. Bg3 Kf7 26. Kf2 Ne6 27. Nd3 g6 28. Bd6 Ng7 29. Ke2 Ke6 30. Bc7 1/2-1/2

[Event "Hessenliga 0506"]
[Site "Germany"]
[Date "2005.11.06"]
[Round "4.5"]
[White "Drollinger, Dennis"]
[Black "Roeberg, Frank"]
[Result "1-0"]
[WhiteElo "2267"]
[BlackElo "2251"]
[PlyCount "55"]
[EventDate "2005.09.11"]
[EventType "team"]
[EventRounds "11"]
[EventCountry "GER"]
[SourceTitle "EXT 2007"]
[Source "ChessBase"]
[SourceDate "2006.11.23"]
[SourceVersion "1"]
[SourceVersionDate "2006.11.23"]
[SourceQuality "1"]
[WhiteTeam "Hofheim II"]
[BlackTeam "Giessen"]
[WhiteTeamCountry "GER"]
[BlackTeamCountry "GER"]

1. e4 e5 2. Nf3 Nc6 3. Bc4 Nf6 4. Ng5 Bc5 5. Bxf7+ Ke7 6. Bb3 Qe8 7. d3 d6 8. Be3 Bxe3 9. fxe3 Qg6 10. Nf3 Qh6 11. Qe2 Bg4 12. Nbd2 Raf8 13. 0-0-0 Kd8 14. Kb1 g5 15. Bd5 Nxd5 16. exd5 Ne7 17. e4 Ng6 18. Qe3 Nf4 19. g3 Nh3 20. Rhf1 Rf6 21. Rde1 Rhf8 22. Nh4 Qh5 23. Rxf6 Rxf6 24. Nf5 Bxf5 25. exf5 Rxf5 26. Qxa7 Rf2 27. Ne4 Rxh2 28. Qb8+ 1-0

[Event "Hessenliga 0506"]
[Site "Germany"]
[Date "2005.10.09"]
[Round "3.4"]
[White "Drollinger, Dennis"]
[Black "Blum, Gernot"]
[Result "1-0"]
[WhiteElo "2267"]
[BlackElo "2198"]
[PlyCount "74"]
[EventDate "2005.09.11"]
[EventType "team"]
[EventRounds "11"]
[EventCountry "GER"]
[SourceTitle "EXT 2007"]
[Source "ChessBase"]
[SourceDate "2006.11.23"]
[SourceVersion "1"]
[SourceVersionDate "2006.11.23"]
[SourceQuality "1"]
[WhiteTeam "Hofheim II"]
[BlackTeam "Oberursel II"]
[WhiteTeamCountry "GER"]
[BlackTeamCountry "GER"]

1. e4 c5 2. Nf3 e6 3. d4 cxd4 4. Nxd4 Nf6 5. Nc3 Nc6 6. g3 d5 7. exd5 Nxd5 8. Bg2 Nxc3 9. bxc3 Bd7 10. Rb1 Qc7 11. 0-0 a6 12. Re1 Be7 13. Bf4 Qc8 14. Qh5 0-0 15. Be4 g6 16. Qf3 Rd8 17. Rxb7 Qxb7 18. Nxc6 Bxc6 19. Bxc6 Qc8 20. Bb7 Qc4 21. Bxa8 Qxa2 22. Rd1 Rxd1+ 23. Qxd1 a5 24. Qd7 g5 25. Be5 Qa3 26. Bc6 Qc5 27. Bd4 Qa3 28. Kg2 h6 29. Qc8+ Bf8 30. Qe8 Qd6 31. Bf3 Qc7 32. h3 Qd6 33. Bh5 Qc7 34. Bb6 Qb7+ 35. Kg1 Kg7 36. Bxa5 Bc5 37. Bb4 Ba7 1-0

[Event "Bundesliga 0304"]
[Site "Germany"]
[Date "2004.04.25"]
[Round "15.6"]
[White "Drollinger, Dennis"]
[Black "Thiede, Lars"]
[Result "0-1"]
[WhiteElo "2275"]
[BlackElo "2440"]
[PlyCount "82"]
[EventDate "2003.11.01"]
[EventType "team-tourn"]
[EventRounds "15"]
[EventCountry "GER"]
[SourceTitle "CBM 101"]
[Source "ChessBase"]
[SourceDate "2004.07.27"]
[SourceVersion "1"]
[SourceVersionDate "2004.07.27"]
[SourceQuality "1"]
[WhiteTeam "St Ingbert"]
[BlackTeam "Neukoelln"]
[WhiteTeamCountry "GER"]
[BlackTeamCountry "GER"]

1. e4 g6 2. d4 Bg7 3. Nc3 d6 4. f4 a6 5. Be3 Nd7 6. Be2 b5 7. e5 Bb7 8. Bf3 Qc8 9. Bxb7 Qxb7 10. Qf3 Rb8 11. 0-0-0 Nh6 12. Kb1 0-0 13. Bf2 Rfc8 14. Nd5 Bf8 15. Ne3 Nb6 16. Qxb7 Rxb7 17. Nf3 e6 18. g4 Nc4 19. h3 Kg7 20. Rhg1 Kh8 21. Rge1 d5 22. Bh4 c5 23. Bg5 Ng8 24. c3 Nxe3 25. Rxe3 b4 26. dxc5 Bxc5 27. Red3 Rcb8 28. b3 h6 29. Bf6+ Kh7 30. c4 dxc4 31. bxc4 b3 32. Rd7 bxa2+ 33. Kxa2 Rb2+ 34. Ka1 Nxf6 35. exf6 R2b3 36. R7d3 R3b4 37. R1d2 Rxc4 38. Ne5 Ra4+ 39. Ra2 Bd4+ 40. Rxd4 Rxd4 41. Rxa6 Rb7 0-1

[Event "Bundesliga 0304"]
[Site "Germany"]
[Date "2003.11.23"]
[Round "4.5"]
[White "Drollinger, Dennis"]
[Black "Bezold, Michael"]
[Result "0-1"]
[WhiteElo "2275"]
[BlackElo "2462"]
[PlyCount "68"]
[EventDate "2003.11.01"]
[EventType "team-tourn"]
[EventRounds "15"]
[EventCountry "GER"]
[SourceTitle "CBM 097 Extra"]
[Source "ChessBase"]
[SourceDate "2004.01.13"]
[SourceVersion "1"]
[SourceVersionDate "2004.01.13"]
[SourceQuality "1"]
[WhiteTeam "St Ingbert"]
[BlackTeam "Hamburger SK"]
[WhiteTeamCountry "GER"]
[BlackTeamCountry "GER"]

1. e4 c5 2. Nf3 e6 3. d4 cxd4 4. Nxd4 a6 5. Nc3 b5 6. Bd3 Qb6 7. Be3 Bc5 8. Be2 Nc6 9. Nxc6 dxc6 10. Bxc5 Qxc5 11. Qd3 e5 12. 0-0-0 Be6 13. Qg3 Kf8 14. f4 exf4 15. Qxf4 Ne7 16. Rhf1 Rc8 17. Rd7 Kg8 18. Bh5 Ng6 19. Bxg6 hxg6 20. Rd2 Rh5 21. a3 a5 22. Rfd1 Kh7 23. h3 b4 24. axb4 axb4 25. Nb1 Qa5 26. g4 Qe5 27. Qf3 Rh6 28. Rd8 Qg5+ 29. R8d2 c5 30. b3 c4 31. bxc4 Rxc4 32. Kb2 Qe5+ 33. Kc1 Qa1 34. Rd8 Rc3 0-1

[Event "Bundesliga 0304"]
[Site "Germany"]
[Date "2003.11.02"]
[Round "2.7"]
[White "Drollinger, Dennis"]
[Black "Joachim, Sven"]
[Result "1/2-1/2"]
[WhiteElo "2275"]
[BlackElo "2434"]
[PlyCount "55"]
[EventDate "2003.11.01"]
[EventType "team-tourn"]
[EventRounds "15"]
[EventCountry "GER"]
[SourceTitle "EXT 2004"]
[Source "ChessBase"]
[SourceDate "2003.11.25"]
[SourceVersion "1"]
[SourceVersionDate "2003.11.25"]
[SourceQuality "1"]
[WhiteTeam "St Ingbert"]
[BlackTeam "Werder Bremen"]
[WhiteTeamCountry "GER"]
[BlackTeamCountry "GER"]

1. e4 c5 2. Nf3 Nc6 3. Bb5 Nf6 4. Nc3 Qc7 5. 0-0 Nd4 6. Re1 a6 7. Bf1 Ng4 8. g3 Nxf3+ 9. Qxf3 Ne5 10. Qe2 d6 11. h3 g6 12. b3 Bg7 13. Bb2 Qd8 14. Nd1 0-0 15. Bg2 Bd7 16. f4 Nc6 17. Bxg7 Kxg7 18. c3 e5 19. Ne3 exf4 20. gxf4 f5 21. exf5 Bxf5 22. Nxf5+ Rxf5 23. Bxc6 bxc6 24. Qe7+ Rf7 25. Qxd8 Rxd8 26. Re4 d5 27. Re6 Rc8 28. Rf1 1/2-1/2

[Event "BL2-Sued 0203"]
[Site "Germany"]
[Date "2003.02.23"]
[Round "7.6"]
[White "Drollinger, Dennis"]
[Black "Schulze, Ulrich"]
[Result "0-1"]
[WhiteElo "2281"]
[BlackElo "2353"]
[PlyCount "66"]
[EventDate "2002.10.20"]
[EventType "team-tourn"]
[EventRounds "9"]
[EventCountry "GER"]
[SourceTitle "EXT 2004"]
[Source "ChessBase"]
[SourceDate "2003.11.25"]
[SourceVersion "1"]
[SourceVersionDate "2003.11.25"]
[SourceQuality "1"]
[WhiteTeam "St Ingbert"]
[BlackTeam "Eppingen"]
[WhiteTeamCountry "GER"]
[BlackTeamCountry "GER"]

1. e4 c6 2. d4 d5 3. e5 Bf5 4. Nf3 e6 5. Be2 Nd7 6. 0-0 h6 7. b3 Ne7 8. c4 Bh7 9. Ba3 Nf5 10. Bxf8 Nxf8 11. Nc3 g5 12. c5 g4 13. Ne1 Qg5 14. Bxg4 Rg8 15. Bxf5 Bxf5 16. f4 Qh4 17. b4 Rg4 18. Qd2 Ng6 19. Ne2 Be4 20. a4 Ke7 21. Ra3 Rg8 22. Rg3 Qh5 23. Rxg4 Qxg4 24. Ng3 Nh4 25. b5 h5 26. Qa5 Nxg2 27. Qc7+ Kf8 28. Nxg2 Bxg2 29. Qd8+ Kg7 30. Qf6+ Kh7 31. Rf2 Bh3 32. Kh1 Qd1+ 33. Nf1 Bxf1 0-1

[Event "BL2-Sued 0203"]
[Site "Germany"]
[Date "2002.10.20"]
[Round "1.6"]
[White "Drollinger, Dennis"]
[Black "Salvermoser, Bernd"]
[Result "0-1"]
[WhiteElo "2281"]
[BlackElo "2306"]
[PlyCount "68"]
[EventDate "2002.10.20"]
[EventType "team-tourn"]
[EventRounds "9"]
[EventCountry "GER"]
[SourceTitle "EXT 2004"]
[Source "ChessBase"]
[SourceDate "2003.11.25"]
[SourceVersion "1"]
[SourceVersionDate "2003.11.25"]
[SourceQuality "1"]
[WhiteTeam "St Ingbert"]
[BlackTeam "Pang/Rosenheim"]
[WhiteTeamCountry "GER"]
[BlackTeamCountry "GER"]

1. e4 c6 2. d4 d5 3. e5 Bf5 4. Nf3 e6 5. Be2 Nd7 6. 0-0 h6 7. b3 b5 8. c4 bxc4 9. bxc4 dxc4 10. Nfd2 Nb6 11. Nxc4 Nxc4 12. Bxc4 Ne7 13. Nc3 Nd5 14. Qf3 Rb8 15. Bb3 Bb4 16. Bd2 0-0 17. Rac1 Qb6 18. Rfd1 Ba3 19. Na4 Qxd4 20. Bxd5 Bxc1 21. Bxc1 Qxa4 22. Bxc6 Qxa2 23. g4 Bc2 24. Re1 Rb1 25. Qe3 Rc8 26. Bf3 a5 27. Kg2 a4 28. g5 hxg5 29. Qxg5 Qc4 30. h4 Bf5 31. h5 Rxc1 32. h6 Bg6 33. Re4 Qxe4 34. Bxe4 Bxe4+ 0-1

[Event "BL2-West 0102"]
[Site "Germany"]
[Date "2002.03.17"]
[Round "7.5"]
[White "Loifenfeld, Jakov"]
[Black "Drollinger, Dennis"]
[Result "1/2-1/2"]
[WhiteElo "2397"]
[BlackElo "2290"]
[PlyCount "92"]
[EventDate "2001.10.07"]
[EventType "team-tourn"]
[EventRounds "9"]
[EventCountry "GER"]
[SourceTitle "CBM 088 Extra"]
[Source "ChessBase"]
[SourceDate "2002.07.01"]
[SourceVersion "2"]
[SourceVersionDate "2002.07.01"]
[SourceQuality "1"]
[WhiteTeam "Koeln Porz II"]
[BlackTeam "St Ingbert"]
[WhiteTeamCountry "GER"]
[BlackTeamCountry "GER"]

1. d4 Nf6 2. c4 c5 3. d5 e6 4. Nc3 exd5 5. cxd5 d6 6. Nf3 g6 7. Bg5 h6 8. Bh4 g5 9. Bg3 Nh5 10. e3 Nxg3 11. hxg3 Bg7 12. Bd3 a6 13. Qc2 b5 14. a4 b4 15. Ne4 Ra7 16. Rd1 f5 17. Ned2 0-0 18. Nc4 Qf6 19. Nfd2 Re7 20. g4 fxg4 21. Ne4 Rxe4 22. Bxe4 Nd7 23. 0-0 Ne5 24. b3 Qf7 25. f4 gxf3 26. Nxe5 Bxe5 27. Rxf3 Qh5 28. Rxf8+ Kxf8 29. Rf1+ Kg7 30. g3 Qh3 31. Qf2 Qxg3+ 32. Qxg3 Bxg3 33. Bf5 Bxf5 34. Rxf5 Be5 35. Rf1 h5 36. Rf5 Bf6 37. Kg2 Kg6 38. Rf1 g4 39. e4 h4 40. Rf4 Kg5 41. Rf5+ Kg6 42. Rf4 h3+ 43. Kh1 Kg5 44. Rf5+ Kg6 45. Rf4 Kg5 46. Rf5+ Kg6 1/2-1/2

[Event "BL2-West 0102"]
[Site "Germany"]
[Date "2002.02.24"]
[Round "6.7"]
[White "Drollinger, Dennis"]
[Black "Balster, Stefan"]
[Result "1/2-1/2"]
[WhiteElo "2290"]
[BlackElo "2334"]
[PlyCount "162"]
[EventDate "2001.10.07"]
[EventType "team-tourn"]
[EventRounds "9"]
[EventCountry "GER"]
[SourceTitle "CBM 088 Extra"]
[Source "ChessBase"]
[SourceDate "2002.07.01"]
[SourceVersion "2"]
[SourceVersionDate "2002.07.01"]
[SourceQuality "1"]
[WhiteTeam "St Ingbert"]
[BlackTeam "Gelsenkirchen"]
[WhiteTeamCountry "GER"]
[BlackTeamCountry "GER"]

1. e4 c5 2. Nf3 e6 3. d4 cxd4 4. Nxd4 Nc6 5. Nc3 Qc7 6. g3 a6 7. Bg2 Nf6 8. 0-0 Nxd4 9. Qxd4 Bc5 10. Bf4 d6 11. Qd2 h6 12. Rad1 e5 13. Be3 Be6 14. Bxc5 dxc5 15. Nd5 Bxd5 16. exd5 Qd6 17. f4 exf4 18. Rde1+ Kd8 19. Rxf4 Re8 20. Ref1 Rc8 21. a3 Rc7 22. b4 cxb4 23. axb4 b5 24. Kh1 Re5 25. Rc1 g5 26. Rd4 Nd7 27. c4 Rxc4 28. Rdxc4 bxc4 29. Rxc4 Qe7 30. Rc1 Re2 31. Qd3 Re1+ 32. Rxe1 Qxe1+ 33. Bf1 Qxb4 34. Qxa6 Qe4+ 35. Bg2 Qe1+ 36. Bf1 Qe4+ 37. Bg2 Qb1+ 38. Bf1 Qb6 39. Qa1 Qf6 40. Qa5+ Ke7 41. Qa3+ Qd6 42. Qd3 Ne5 43. Qe4 Kf6 44. Bh3 Kg7 45. Qd4 Kf6 46. Qe4 Qc7 47. Kg2 Qc3 48. Qe2 Qd4 49. Qf2+ Qxf2+ 50. Kxf2 Nc4 51. Kf3 Nd6 52. Kg4 Kg6 53. Kf3 Kf6 54. Kg4 Ne8 55. Bg2 Ng7 56. Kf3 Ke5 57. Ke3 Nf5+ 58. Kd3 Nd6 59. Bf3 f5 60. Bg2 f4 61. gxf4+ gxf4 62. Ke2 Nf5 63. Kf3 Nh4+ 64. Kf2 Nxg2 65. Kxg2 Kxd5 66. Kf3 Ke5 67. Ke2 Ke4 68. Kf2 h5 69. Ke2 f3+ 70. Kf2 Kf4 71. Kf1 Ke3 72. Ke1 Ke4 73. Kf1 Kf5 74. Kg1 Kg4 75. Kf1 Kf4 76. Kf2 Ke4 77. Kf1 Ke3 78. Ke1 f2+ 79. Kf1 Kf3 80. h3 Kg3 81. h4 Kf3 1/2-1/2

[Event "BL2-West 0102"]
[Site "Germany"]
[Date "2002.01.20"]
[Round "4.6"]
[White "Siebrecht, Sebastian"]
[Black "Drollinger, Dennis"]
[Result "1-0"]
[WhiteElo "2414"]
[BlackElo "2290"]
[PlyCount "87"]
[EventDate "2001.10.07"]
[EventType "team-tourn"]
[EventRounds "9"]
[EventCountry "GER"]
[SourceTitle "CBM 088 Extra"]
[Source "ChessBase"]
[SourceDate "2002.07.01"]
[SourceVersion "2"]
[SourceVersionDate "2002.07.01"]
[SourceQuality "1"]
[WhiteTeam "Katernberg"]
[BlackTeam "St Ingbert"]
[WhiteTeamCountry "GER"]
[BlackTeamCountry "GER"]

1. d4 Nf6 2. c4 c5 3. d5 e6 4. Nc3 exd5 5. cxd5 d6 6. Nf3 g6 7. Nd2 Bg7 8. Nc4 0-0 9. Bf4 b6 10. Qd2 Ba6 11. Nxd6 Nh5 12. Nde4 Nxf4 13. Qxf4 Nd7 14. h4 h6 15. e3 Bxf1 16. Kxf1 Ne5 17. Rd1 c4 18. d6 f5 19. Nd2 Rc8 20. Qg3 Qxd6 21. Nxc4 Qe6 22. Na3 Rcd8 23. Ke2 f4 24. Qh3 Ng4 25. Rxd8 Rxd8 26. Rd1 Re8 27. Nd5 Bxb2 28. Nc4 Be5 29. Nxe5 Nxe5 30. Qxe6+ Rxe6 31. Nxf4 Rc6 32. Rd5 Ng4 33. Rd8+ Kf7 34. Rd7+ Ke8 35. Rxa7 Rc2+ 36. Kf3 Nh2+ 37. Ke4 Rxf2 38. Ke5 Kd8 39. Nd5 Kc8 40. Kd6 Kb8 41. Rh7 Rxa2 42. Nb4 Ra4 43. Nc6+ Kc8 44. Rc7# 1-0